000 00814nam a2200229 a 4500
005 20230615063516.0
008 991125s1980 es 000 0 spa u
020 _a8425411327
035 _aUPN01000006337
049 _aCG
050 4 _aLB1032
_bS4.48
100 1 _aSchein, Edgar H.
245 1 3 _aEl cambio personal y organizacional a través de métodos grupales :
_bla formación de laboratorio /
_cEdgar H. Schein y Warren G. Bennis ; tr. Héctor Borrat.
260 _aBarcelona, Esp. :
_bHerder,
_c1980.
300 _a482 p.
440 0 _aBiblioteca de psicología ;
_v4
590 _a(También localizas un ejemplar en el "Area de Reserva")
590 _aBibliografía Básica (BGTQ)
650 4 _aDinámica de grupos
_96712
700 1 _aBennis, Warren G.,
_d1925-2014
_ecoaut.
_943104
905 _aLibro
999 _c6337
_d6337